[Event "Romulus op"]
[Site "Romulus"]
[Date "2000.09.04"]
[Round "4"]
[White "Pankov, Andrei"]
[Black "Ramp, James"]
[Result "1-0"]
[WhiteElo "1042"]
[BlackElo "1348"]
[PlyCount "96"]
[EventDate "2000.09.01"]
[EventType "swiss"]
[EventRounds "7"]
[EventCountry "USA"]
[SourceTitle "EXT 2007"]
[Source "ChessBase"]
[SourceDate "2006.11.23"]
[SourceVersion "1"]
[SourceVersionDate "2006.11.23"]
[SourceQuality "1"]

1. c4 Nf6 2. Nc3 e5 3. g3 Nc6 4. Bg2 b6 5. e3 Bb7 6. Nge2 Rb8 7. 0-0 Be7 8. d4 exd4 9. exd4 Na5 10. b3 Bxg2 11. Kxg2 d5 12. Qd3 dxc4 13. bxc4 0-0 14. Bd2 c5 15. d5 Nb7 16. Rfe1 Nd6 17. Nd1 Re8 18. Ne3 Nfe4 19. Bc3 Bf6 20. Rab1 Bxc3 21. Nxc3 Qf6 22. Nxe4 Nxe4 23. f3 Nd6 24. Ng4 Qg6 25. Qc3 Kf8 26. Ne5 Rxe5 27. Qxe5 Re8 28. Qc3 Rd8 29. Rb2 Rd7 30. Rbe2 h6 31. Qe5 f6 32. Qe6 Qf7 33. Qxf7+ Kxf7 34. Rc2 Kf8 35. Kf2 Kf7 36. h4 h5 37. Kg2 Nf5 38. Kh3 Nd4 39. Rf2 Nf5 40. g4 hxg4+ 41. fxg4 Nd6 42. Rf4 Kg6 43. a4 a5 44. Rc1 Re7 45. Rc3 Kf7 46. h5 Re5 47. Kh4 Nf5+ 48. gxf5 Re8 1-0